|
|
|
|
| LEADER |
00000nsc a2200000 a 4500 |
| 001 |
si13073 |
| 005 |
20231219112210.0 |
| 008 |
016052|2004 ||||||||r|||||||||||spa|| |
| 040 |
|
|
|b spa
|
| 041 |
0 |
|
|a Español
|
| 082 |
0 |
|
|a 320.86
|
| 100 |
1 |
|
|a Ortiz Crespo, Santiago.
|d 1952-
|9 28134
|
| 245 |
|
|
|a Cotacachi: una apuesta a la democracia participativa
|c Santiago Ortiz Crespo
|h imp
|
| 264 |
|
|
|a Quito
|b FLACSO
|c 2004
|
| 300 |
|
|
|a 208 páginas:
|b tab
|c 21 cm
|
| 490 |
|
|
|a Atrio
|
| 504 |
|
|
|a incl. ref.
|
| 505 |
0 |
|
|a Presentación.- Introducción.- Capitulo 1 La participación ciudadana.- 19 Capitulo 2 El contexto local.- 57.- Capitulo 3 Actores locales.- 87 Capitulo 4 El proceso participativo.- 121 Capitulo 5 Democracia y desarrollo local.- 167 Capitulo 6 Conclusiones 189.- Bibliografia .
|
| 520 |
3 |
|
|a El movimiento indígena es uno de los principales actores de este proceso, no solo por su rol en la política nacional, sino por su activa participación en los escenarios locales ubicados en zonas de antiguo conflicto inter-étnico. Los municipios, las juntas parroquiales, los programas de desarrollo rural, los centros de salud, las redes educativas, que antes fueron espacios de homogeneización bajo el proyecto modernizador conducido por el Estado nacional, son ahora escenarios de cambios políticos e institucionales que se construyen desde lo local.
|
| 653 |
|
|
|a CIENCIA POLITICA
|
| 650 |
|
|
|a Participacion ciudadana
|9 19443
|
| 650 |
|
|
|a Democracia
|9 267
|
| 852 |
|
|
|a UC-CDJBV
|c PRIMER PISO
|f Donación
|k maria.naula
|l 1
|m General
|p 20160520
|q 1.00
|r 2
|t si13073
|b 0
|d CDRC
|e CDRC
|g 320.86 PRIMER PISO
|z 2016-60-52
|
| 856 |
|
|
|a http://sibuc.ucuenca.edu.ec/portada/si13073-cdj.jpg
|
| 942 |
|
|
|
| 999 |
|
|
|c 137331
|d 137331
|